Taylor Swift songs by letter - F - Statistics

General Stats
  • This quiz has been taken 71 times
    11 since last reset
  • The average score is 5 of 10
Answer Stats
Answer % Correct
Fortnight
71%
Father Figure
57%
Fearless
57%
Fifteen
57%
Florida!!!
57%
Forever & Always
57%
Fresh Out the Slammer
57%
False God
43%
Foolish One
43%
Forever Winter
43%
No matching quizzes found
Score Distribution
Percent of People with Each Score
Percentile by Number Answered
Your Score History
You have not taken this quiz since the last reset